书目信息 |
| 题名: |
脑髓地狱
|
|
| 作者: | 梦野久作 著 ;林敏生 译 | |
| 分册: | ||
| 出版信息: | 北京 新星出版社 2012.3 |
|
| 页数: | 444页 | |
| 开本: | 22cm | |
| 丛书名: | 午夜文库 | |
| 单 册: | ||
| 中图分类: | I313.45 | |
| 科图分类: | ||
| 主题词: | 推理小说--日本--现代 , 长篇小说--日本--现代 | |
| 电子资源: | ||
| ISBN: | 978-7-5133-0576-1 | |
| 000 | 00912oam2 2200325 450- | |
| 001 | 005770389 | |
| 005 | 20120703175832.0 | |
| 010 | @a978-7-5133-0576-1@dCNY31.25 | |
| 090 | @aI313.45@bmyj | |
| 096 | @aI313.45@bmyj | |
| 100 | @a20120516d2012 em y0chiy0120 ea | |
| 101 | 1 | @achi@cjpn |
| 102 | @aCN@b110000 | |
| 105 | @ay z 000ay | |
| 106 | @ar | |
| 200 | 1 | @a脑髓地狱@9nao sui di yu@b专著@f(日)梦野久作著@g林敏生译 |
| 210 | @a北京@c新星出版社@d2012.3 | |
| 215 | @a444页@d22cm | |
| 225 | 2 | @a午夜文库 |
| 300 | @a日本四大推理奇书 | |
| 308 | @a午夜文库66 | |
| 461 | 0 | @1001003311393 |
| 500 | 10 | @a脑髓地狱@9nao sui di yu |
| 606 | 0 | @a推理小说@y日本@z现代 |
| 606 | 0 | @a长篇小说@y日本@z现代 |
| 690 | @aI313.45@v5 | |
| 701 | 0 | @c(日)@a梦野久作@f(1889~1936)@9meng ye jiu zuo@4著 |
| 702 | 0 | @a林敏生@9lin min sheng@4译 |
| 801 | 0 | @aCN@b人天书店@c20120421 |
| 905 | @aTSG@dI313.45@eM638@f2 | |
| 脑髓地狱/(日)梦野久作著/林敏生译.-北京:新星出版社,2012.3 |
| 444页;22cm.-(午夜文库) |
| 日本四大推理奇书 |
| ISBN 978-7-5133-0576-1:CNY31.25 |
| ● |
| 相关链接 |
|
|
|
正题名:脑髓地狱
索取号:I313.45/M638
 
预约/预借
| 序号 | 登录号 | 条形码 | 馆藏地/架位号 | 状态 | 备注 |
| 1 | 1538104 | 215381049 | 文学库116/116文学库 14排5列2层/ [索取号:I313.45/M638] | 在馆 | |
| 2 | 1538105 | 215381058 | 文学库116/116文学库 14排5列2层/ [索取号:I313.45/M638] |
已借出,限还日期为2026.08.06 借出人:方思予 |